Famous Bens - Statistics

General Stats
  • This quiz has been taken 39 times
  • The average score is 10 of 25
Answer Stats
Hint Answer % Correct
American actor who married Jennifer Lopez Ben Affleck
89%
Polymath and founding father of the United States Benjamin Franklin
86%
English actor perhaps best known for starring in Sherlock Benedict Cumberbatch
78%
Soul singer who rose to fame as one of the lead vocalists in The Drifters Ben E. King
78%
Actor who played the title role in the 1982 Richard Attenborough biopic Gandhi Ben Kingsley
72%
Star of Zoolander, Meet the Parents and Night at the Museum Ben Stiller
69%
Israeli Prime Minister who was indicted for war crimes by the International Criminal Court in 2024 Benjamin Netanyahu
64%
'Il Duce' Benito Mussolini
56%
'Primrose Day' celebrates the life of this man, who was the first Jewish Prime Minister of the United Kingdom Benjamin Disraeli
53%
23rd President of the United States whose administration was sandwiched by the two non-consecutive terms of Grover Cleveland Benjamin Harrison
53%
Contemporary of Shakespeare known for his satirical plays "The Alchemist" and "Every Man in his Humour" Ben Jonson
47%
'Turncoat' military officer who famously defected to the British during the American War of Independence Benedict Arnold
44%
English comedian whose eponymous show was known for its slapstick and double entendres Benny Hill
36%
English composer who created "The Young Person's Guide to the Orchestra" Benjamin Britten
28%
Alexander Armstrong's comedy partner Ben Miller
28%
Jazz clarinetist and big band leader perhaps best known for his swing hit "Sing, Sing, Sing" Benny Goodman
28%
Voice of Paddington Bear in the recent films of the same name Ben Whishaw
28%
Captain of the England cricket team from 2022 onwards Ben Stokes
22%
American economist who was Chairman of the Federal Reserve during the 2007-08 financial crisis Ben Bernanke
17%
Abrasive conservative political commentator and podcaster who was editor-at-large of Breitbart News from 2012 to 2016 Ben Shapiro
17%
Former neurosurgeon who briefly ran to be Republican nominee for President in the 2016 US election Ben Carson
14%
French professional footballer who has played for Lorient and Manchester City, and was charged with sexual offences in 2021 Benjamin Mendy
14%
Anarchist dub poet who famously turned down an OBE in 2003 Benjamin Zephaniah
8%
Former general and Israeli defence minister who served in the Israeli war cabinet following the 7th October attacks in 2023 Benny Gantz
3%
Former British Member of Parliament who served as Secretary of State for Defence under Prime Ministers Boris Johnson, Liz Truss and Rishi Sunak Ben Wallace
0%
No matching quizzes found
Score Distribution
Percent of People with Each Score
Percentile by Number Answered
Your Score History
You have not taken this quiz